Zur christlichen Staatslehre /

সংরক্ষণ করুন:
গ্রন্থ-পঞ্জীর বিবরন
অন্যান্য লেখক: Nell-Breuning, Oswald von (edición) (edición), Sacher, Hermann (edición) (edición)
বিন্যাস: গ্রন্থ
ভাষা:German
প্রকাশিত: Friburgo, Alemania : Herder, 1957, c1957
সংস্করন:2a edición
মালা:(Wörterbuch der Politik ; 2)
বিষয়গুলি:
ট্যাগগুলো: ট্যাগ যুক্ত করুন
কোনো ট্যাগ নেই, প্রথমজন হিসাবে ট্যাগ করুন!

MARC

LEADER 00000nam^a2200000^a^4500
001 000318194
005 20250521000000.0
009 20260310113405.238
025 |a Donación Jesús Vergara Aceves, 1 ejemplar 
037 |a Acervo Xavier Clavigero 
041 |a ALE 
082 |a 320. 03  |b WOR V. 2 
240 1 1 |a [Wörterbuch der Politik] 
245 0 0 |a Zur christlichen Staatslehre /  |c Ed. de O. von Nell-Breuning, H. Sacher. 
250 |a 2a edición  |b corregida y aumentada 
264 4 |a Friburgo, Alemania :  |b Herder,  |c 1957, c1957 
300 |a 210 p. 
336 |a texto  |b txt  |2 rdacontenido 
337 |a sin mediación  |b n  |2 rdamedio 
338 |a volumen  |b nc  |2 rdasoporte 
440 1 |a (Wörterbuch der Politik ;  |v 2) 
649 |a XX 
650 |a Política -  |x Enciclopedias y Diccionarios -  |x Tema Principal 
650 |a Estado, El -  |x Teoría -  |x Tema Principal 
650 |a Cristianismo y Política 
650 |a Política y Religión 
650 |a Enciclopedias y Diccionarios 
700 |a Nell-Breuning, Oswald von  |e (edición) 
700 |a Sacher, Hermann  |e (edición) 
910 |a Fondo Jesús Vergara Aceves S.J. 
920 |a Impresos - Libros 
930 |a Fondos Especiales 
905 |a 119 
901 |a 0500205299  |b IT2  |c ESP  |i D  |u 20250521 
902 |a https://opac.biblio.iteso.mx/vufind/Record/000318194